Operations management
Features the latest concepts and applications while preserving the core concepts that have made the text a market leader. Careful explanations and approachable format supports students in understanding the important operations management concepts as well as applying tools and methods. By providing d...
Kaydedildi:
| Yazar: | |
|---|---|
| Materyal Türü: | Kitap |
| Dil: | Undetermined |
| Baskı/Yayın Bilgisi: |
New York
Wiley
2002
|
| Konular: | |
| Etiketler: |
Etiketle
Etiket eklenmemiş, İlk siz ekleyin!
|
| Thư viện lưu trữ: | Trung tâm Học liệu Trường Đại học Cần Thơ |
|---|
| LEADER | 00939nam a2200193Ia 4500 | ||
|---|---|---|---|
| 001 | CTU_113184 | ||
| 008 | 210402s9999 xx 000 0 und d | ||
| 082 | |a 658.5 | ||
| 082 | |b R549 | ||
| 100 | |a Reid, R. Dan | ||
| 245 | 0 | |a Operations management | |
| 245 | 0 | |c R. Dan Reid, Nada R. Sanders | |
| 260 | |a New York | ||
| 260 | |b Wiley | ||
| 260 | |c 2002 | ||
| 520 | |a Features the latest concepts and applications while preserving the core concepts that have made the text a market leader. Careful explanations and approachable format supports students in understanding the important operations management concepts as well as applying tools and methods. By providing detailed examples, solved problems, questions, and cases students learn by doing, and continues to offer more support for 'doing Operations' than any other | ||
| 650 | |a Production management | ||
| 904 | |i Giang | ||
| 980 | |a Trung tâm Học liệu Trường Đại học Cần Thơ | ||